Retablo de la Virgen María / (Record no. 55040)

MARC details
000 -LEADER
campo de control de longitud fija 00449nam a2200157 i 4500
001 - NÚMERO DE CONTROL
campo de control 55040
003 - IDENTIFICADOR DE NÚMERO DE CONTROL
campo de control ES-MaACL
005 - FECHA Y HORA DE LA ÚLTIMA TRANSACCIÓN
campo de control 20230906163054.0
007 - CAMPO FIJO DE DESCRIPCIÓN FÍSICA--INFORMACIÓN GENERAL
campo de control de longitud fija t|
008 - DATOS DE LONGITUD FIJA--INFORMACIÓN GENERAL
campo de control de longitud fija 030911s1973 sp ||||1| spa d
100 1# - ENTRADA PRINCIPAL--NOMBRE DE PERSONA
Nombre de persona Delgado, Fernando.
9 (RLIN) 43405
245 10 - MENCIÓN DEL TÍTULO
Título Retablo de la Virgen María /
Mención de responsabilidad, etc. Fernando Delgado.
260 ## - PUBLICACIÓN, DISTRIBUCIÓN, ETC.
Lugar de publicación, distribución, etc. [S.l. :
Nombre del editor, distribuidor, etc. s.n.,
Fecha de publicación, distribución, etc. 1973] (
Lugar de fabricación/manufactura Avila :
Fabricante El Diario de Avila)
300 ## - DESCRIPCIÓN FÍSICA
Extensión 68 p. ;
Dimensiones 17 cm.
852 ## - LOCALIZACIÓN
Ubicación ES-MaACL
Número de control de estantería C-53583
Sublocalización o colección R.86165
Holdings
Estatus retirado Estado de pérdida Estado de daño No para préstamo Biblioteca de origen Biblioteca actual Ubicación en estantería Fecha de adquisición Fuente de adquisición Total de préstamos Signatura topográfica completa Código de barras Visto por última vez Precio de reemplazo Tipo de ítem Koha
        Biblioteca del Ateneo de Madrid Biblioteca del Ateneo de Madrid Depósito 2 17/01/2008     C-53583 1057837 23/02/2023 23/02/2023 Libro impreso